000 00374nam a2200145Ia 4500
008 210210b1974 xxu||||| |||| 00| 0 eng d
020 _a0 7175 0228 7
082 _a428.6 JONL
100 _aJONES (John W).
245 _aLiving english. Book 2.
260 _aLondon.
_bHulton Educational Publications.,
_c1974
300 _a135
690 _aEnglish Usage
906 _a034345
999 _c85272
_d85272